| 000 | 00378nam a2200133Ia 4500 | ||
|---|---|---|---|
| 005 | 20260328101522.0 | ||
| 008 | 260328s9999||||xx |||||||||||||| ||und|| | ||
| 100 | _aTernaux, Elodie | ||
| 245 | 0 |
_aMaterial World 3 : _b Innovative Materials for Architect and Design / _cElodie Ternaux |
|
| 260 | _bFrame Publishers | ||
| 300 | _a215 p. | ||
| 650 | _aDISEÑO INDUSTRIAL | ||
| 942 | _cBK | ||
| 999 |
_c9621 _d9621 |
||